000 00493nam a2200157 i 4500
001 62401
003 ES-MaACL
005 20230906164647.0
007 t|
008 031120s1958 sp ||||1| spa d
100 1 _aFénykoevi, José.
_949265
245 1 0 _aSendas incognitas y grandes trofeos de caza en Angola /
_cJosé Fénykövi.
260 _aMadrid :
_b[s.n.,
_c1958] (
_fParaninfo Artes Gráficas)
300 _a399 p., 16 lám. :
_bil. ;
_c28 cm.
852 _aES-MaACL
_jC-15062
_bR.42962
999 _c62401
_d62401